Регионална библиотека "Любен Каравелов" - Русе

Истината за случая "Хари Куебърт" (Запис номер 445085)

MARC детайли
000 -Лидер
Контролно поле с фиксирана дължина 01246nam a2200265 a 4500
003 - Код на организацията, давaща контролен номер
Контролно поле BLK
005 - Дата и час на последна редакция
Контролно поле 20250729161422.0
008 - Елементи от данни с фиксирана дължина
fixed length control field 180411b bul|||||r ||||||| ||bul||
020 ## - Международен стандартен номер на книга ISBN
Международен стандартен номер на книга ISBN 9786191502561
040 ## - Източник на каталожния запис
Идентификатор на билиотеката - собственик на записа BLK
041 ## - Код за език
Код за езика на текст/звукозапис или на отделно заглавие Български
Код за езика КДБФ Български
072 #7 - Код за тематичната категория
Код организация bullib
Код за тематична категория Н83
Текст Чужда художествена литература Н
080 ## - УДК
Текстов определител УДК Швейцарска литература
УДК код - определител по УДК 821(494)
УДК - код + определител 821(494)-312.4
100 1# - Редна дума - Автор
Автор Дикер, Жоел
Дати, свързани с автора 1985 -
Авторска отговорност първи автор
R(LIN) 61431
139 ## - Редно поле
Редна дума Дикер, Жоел
Авторски знак Ди - Д 53
245 10 - Сведения за заглавието
Заглавие Истината за случая "Хари Куебърт"
Подзаглавни данни [Роман]
Редно поле (дума) Жоел Дикер; прев. от фр. Росица Ташева.
257 ## - Страна на издаване
Страна на създаване/издаване Швейцария
260 ## - Област на издателските данни
Място на издаване, разпространение и проч. София
Име на издателя, разпространителя и проч. Колибри
Година на издаване 2013
Печатница София : Инвестпрес
9 (RLIN) 209486
Издателство - префикс ISBN 978-619-02- ; 978-619-150- ; 978-954-150- ; 978-954-529-
300 ## - Физическа характеристика
Страници 561 с.
Размери/Мащаб 21 см
380 ## - Жанр
Жанр Худож. лит.
500 ## - Общи забележки
Забележка Ориг. загл.: Lа verite sur l'affaire Harry Quebert / Joel Dicker.
700 ## - Други автори (авторска отговорност)
Лично име Ташева, Росица Борисова
Дати, свързани с автора 1946 -
Друга информация Преводач от френски и английски език.
9 (RLIN) 366084
999 ## - СИСТЕМНИ КОНТРОЛНИ НОМЕРА
Koha biblionumber 445085
Koha biblioitemnumber 445085
942 ## - АРТИКУЛИ
Вид на библиотечния материал Книги
Скрит в OPAC Не
Периодичен библиозапис Да
Koha issues (borrowed), all copies 28
944 ## - СЪЗДАВАНЕ И РЕДАКЦИЯ на ЗАПИСА
Създаване/Редакция Редакция
Дата на регистрацията/редакция 2022-02-16
Служител, извършил регистрацията/редакцията 30576
Статус, дата на статуса Цветомила Тодорова
Наличности
Код за отписване Код за изгубен артикул Източник на класификационната схема Код за повреда Коз за рестрикции Код за отдаване Артикулен № Име на библиотеката - собственик Име на библиотеката, в която се намира в момента Статус (Текущо местоположение) Дата на вписване в системата Местоположение - отдел Цена в лева Систематично азбучна сигнатура Баркод Цена в евро Служебен тип на артикула
  Не е изгубен Universal Decimal Classification Повреден без рестрикции заемане за дома 872462 Регионална библиотека "Любен Каравелов" Русе Регионална библиотека "Любен Каравелов" Русе Заемна - подръчен фонд 2022-02-17 Заемна - подръчен фонд 12.60 821-31/Д 53 Ж 120000866130 6.44 Книги
Vip Innovations Ltd, Rousse, Bulgaria 2025